Longest Two-Word Country Names Quiz - Statistics

General Stats
  • This quiz has been taken 182 times
  • The average score is 6 of 9
Answer Stats
Answer % Correct
13 United Kingdom
88%
17 Dominican Republic
78%
15 Marshall Islands
72%
14 Solomon Islands
72%
14 North Macedonia
71%
16 Equatorial Guinea
66%
12 Guinea-Bissau
63%
12 United States
62%
13 Czech Republic
50%
No matching quizzes found
Score Distribution
Percent of People with Each Score
Percentile by Number Answered
Your Score History
You have not taken this quiz